|
|
|
|
| LEADER |
00000nab a2200000uu 4500 |
| 001 |
vtls011450034 |
| 003 |
SK-MaSNL |
| 005 |
20260303151411.0 |
| 008 |
230222|2011 xo |||||||||||||||||eng| |
| 015 |
|
|
|a SNBRB
|
| 035 |
|
|
|a (urnnbn)urn:nbn:sk:snk:ar-006f4h
|
| 035 |
|
|
|a (uuid)deb2782f-241d-46aa-b2dc-2a672fe2ba8e
|
| 035 |
|
|
|a urn:nbn:sk:snk-abcmbd
|
| 040 |
|
|
|a SNKBUCL
|b slo
|c SNKBUCL
|e AACR2
|
| 041 |
0 |
|
|a eng
|
| 044 |
|
|
|a xo
|c SK
|
| 100 |
1 |
|
|a Fuchs, László
|4 aut
|9 1170934
|
| 245 |
1 |
0 |
|a CELLULAR COVERS OF TOTALLY ORDERED ABELIAN GROUPS
|c László Fuchs
|
| 773 |
0 |
|
|t Mathematica Slovaca
|g Roč. 61, č. 3 (2011), s. [429]-438
|
| 958 |
|
|
|a OND
|
| 958 |
|
|
|a EUIPO
|
| 958 |
|
|
|a article16
|
| 999 |
|
|
|c 2017540
|d 2019470
|